000 01215pab a2200157 454500
008 180718b2002 xxu||||| |||| 00| 0 eng d
100 _aSwanstrom, Todd
245 _aAre fear and urbanism at war?
260 _c2002
300 _ap.135-40.
362 _aSep
520 _aDense cities are vulnefrable to terrorist attacks. Therefore, some scholars argue, we should deconcentrate American cities further, denying future terrorists targets of opportunity. But fleeing dense and diverse cities would undermine one of our greatest strengths in the so-called war on terrorism. Cities have frequently been dangerous places, but over the centuries people have flocked to them because of the economic opportunities and freedom they offer. As a way of life, urbanism promotes toleration of differences and delegitimizes efforts to root political power in revealed religion. These modern beliefs are essential in the struggle against terrorism. The main threat to cities comes not from terrorism but from the policy responses to terrorism that could undermine the freedom of thought and movement that are the lifeblood of cities. - Reproduced.
650 _aTerrorism
773 _aUrban Affairs Review
909 _a56342
999 _c56342
_d56342